[Event "Erfurt MT op 27th"]
[Site "Erfurt"]
[Date "2017.12.27"]
[Round "3"]
[White "Paul, Johannes"]
[Black "Middelhoff, Cornelius"]
[Result "1-0"]
[WhiteElo "2326"]
[BlackElo "2149"]
[PlyCount "45"]
[EventDate "2017.12.26"]
[EventType "swiss"]
[EventRounds "8"]
[EventCountry "GER"]
[SourceTitle "CBM 182 Extra"]
[Source "ChessBase"]
[SourceDate "2018.02.23"]
[SourceVersion "1"]
[SourceVersionDate "2018.02.23"]
[SourceQuality "1"]

1. d4 d5 2. c4 e6 3. Nc3 Be7 4. Nf3 Nf6 5. Bf4 0-0 6. e3 b6 7. cxd5 Nxd5 8. Nxd5 exd5 9. Bd3 c5 10. h4 Nc6 11. Rc1 Bd7 12. Bb1 Rc8 13. dxc5 Bxc5 14. Qxd5 Ne7 15. Qd3 Bf5 16. Qxd8 Rfxd8 17. Bxf5 Nxf5 18. Ke2 Ne7 19. a3 Nd5 20. Be5 Re8 21. Rhd1 Rcd8 22. Rd2 f6 23. Rcd1 1-0

[Event "GER-ch 88th"]
[Site "Apolda"]
[Date "2017.06.30"]
[Round "8"]
[White "Middelhoff, Cornelius"]
[Black "Tonndorf, Matthias"]
[Result "0-1"]
[WhiteElo "2131"]
[BlackElo "2256"]
[PlyCount "131"]
[EventDate "2017.06.23"]
[EventType "swiss"]
[EventRounds "9"]
[EventCountry "GER"]
[SourceTitle "CBM 179 Extra"]
[Source "ChessBase"]
[SourceDate "2017.08.23"]
[SourceVersion "1"]
[SourceVersionDate "2017.08.23"]
[SourceQuality "1"]

1. d4 Nf6 2. c4 e6 3. Nc3 Bb4 4. Qc2 c5 5. dxc5 Na6 6. a3 Bxc3+ 7. Qxc3 Nxc5 8. b4 Nce4 9. Qb2 d5 10. c5 d4 11. e3 e5 12. Nf3 0-0 13. Nxe5 dxe3 14. Bxe3 Nd5 15. Rd1 Nec3 16. Rd3 Qf6 17. Rxc3 Qxe5 18. Rb3 Qe4 19. Qb1 Qxb1+ 20. Rxb1 Re8 21. Bb5 Re7 22. Rb3 Be6 23. Rd3 Nc7 24. Ba4 h6 25. Bb3 Bf5 26. Rd2 a5 27. 0-0 axb4 28. axb4 Ra3 29. Bc4 Ra4 30. Rd8+ Kh7 31. Bd2 Na6 32. Bb5 Ra2 33. g4 Bxg4 34. Bd3+ f5 35. Bc4 Ra3 36. b5 Nc7 37. c6 Ra8 38. Rxa8 Nxa8 39. Bb4 Re8 40. cxb7 Nb6 41. Be6 Rb8 42. Kg2 Rxb7 43. f3 Bh5 44. Bxf5+ Bg6 45. Bxg6+ Kxg6 46. Rb1 Kf5 47. Bc5 Nd5 48. Bd4 Ke6 49. Kf2 Kd6 50. Ke2 Nf4+ 51. Kd2 Kd5 52. Be3 Ne6 53. Kd3 g5 54. b6 Nd8 55. Rb5+ Kd6 56. h4 gxh4 57. Rh5 Nf7 58. Bf4+ Kd7 59. Bc7 Ng5 60. Rxh4 Nxf3 61. Rxh6 Ng5 62. Rd6+ Ke7 63. Rd8 Ne6 64. Rb8 Rxb8 65. Bxb8 Kd7 66. Kc4 0-1

[Event "GER-ch 88th"]
[Site "Apolda"]
[Date "2017.06.29"]
[Round "7"]
[White "Middelhoff, Cornelius"]
[Black "Bussard, Christian"]
[Result "1-0"]
[WhiteElo "2131"]
[BlackElo "2251"]
[PlyCount "87"]
[EventDate "2017.06.23"]
[EventType "swiss"]
[EventRounds "9"]
[EventCountry "GER"]
[SourceTitle "CBM 179 Extra"]
[Source "ChessBase"]
[SourceDate "2017.08.23"]
[SourceVersion "1"]
[SourceVersionDate "2017.08.23"]
[SourceQuality "1"]

1. d4 Nf6 2. c4 e6 3. Nf3 c5 4. d5 b5 5. dxe6 fxe6 6. cxb5 d5 7. e3 Bd6 8. Nc3 0-0 9. Be2 a6 10. 0-0 Qe7 11. e4 Nxe4 12. Nxe4 dxe4 13. Ng5 Bb7 14. Bc4 axb5 15. Bxe6+ Kh8 16. Be3 Na6 17. Nf7+ Rxf7 18. Bxf7 Rf8 19. Bh5 Nb4 20. Be2 Bc6 21. Qd2 c4 22. a4 Rd8 23. Bg5 Qe5 24. g3 Be7 25. Qxd8+ Bxd8 26. Bxd8 bxa4 27. Rac1 Qxb2 28. Rxc4 Qxe2 29. Rxb4 e3 30. Rf4 h6 31. Bb6 exf2+ 32. Bxf2 a3 33. Re1 Qh5 34. h4 a2 35. Bd4 Qd5 36. Rfe4 Kh7 37. Kf2 Qf5+ 38. Rf4 Qh3 39. Rf7 Qh2+ 40. Ke3 Qxg3+ 41. Kd2 Qg2+ 42. Kc1 Qd5 43. Rxg7+ Kh8 44. Rd7+ 1-0

[Event "GER-ch 88th"]
[Site "Apolda"]
[Date "2017.06.24"]
[Round "2"]
[White "Middelhoff, Cornelius"]
[Black "Kolbus, Dietmar"]
[Result "0-1"]
[WhiteElo "2131"]
[BlackElo "2306"]
[PlyCount "94"]
[EventDate "2017.06.23"]
[EventType "swiss"]
[EventRounds "9"]
[EventCountry "GER"]
[SourceTitle "CBM 179 Extra"]
[Source "ChessBase"]
[SourceDate "2017.08.23"]
[SourceVersion "1"]
[SourceVersionDate "2017.08.23"]
[SourceQuality "1"]

1. d4 Nf6 2. c4 g6 3. Nc3 Bg7 4. e4 0-0 5. Nf3 d6 6. Be2 Na6 7. 0-0 e5 8. Be3 Qe8 9. d5 Ng4 10. Bd2 f5 11. Ne1 Nf6 12. exf5 gxf5 13. f4 Nc5 14. Nb5 Rf7 15. fxe5 Qxe5 16. Nf3 Qe7 17. Ng5 Rf8 18. Re1 Nfe4 19. Nxe4 Nxe4 20. Bc3 Nxc3 21. bxc3 Bxc3 22. Nxc3 Qe3+ 23. Kh1 Qxc3 24. Rb1 Re8 25. Rf1 Re3 26. Rb3 Qe5 27. Rxe3 Qxe3 28. Rf3 Qe5 29. Bd3 Bd7 30. Qb1 Re8 31. Qxb7 Qa1+ 32. Bf1 Re1 33. Kg1 Qd4+ 34. Kh1 Qxc4 35. Kg1 Qd4+ 36. Kh1 Qb6 37. Qxb6 cxb6 38. Kg1 Ra1 39. a3 Bb5 40. Rxf5 Kg7 41. g4 Rd1 42. Kg2 Bxf1+ 43. Rxf1 Rxf1 44. Kxf1 Kf6 45. Kf2 Ke5 46. Ke3 b5 47. h4 a5 0-1

[Event "GER-ch 86th"]
[Site "Saarbruecken"]
[Date "2015.12.08"]
[Round "6"]
[White "Middelhoff, Cornelius"]
[Black "Voigt, Martin"]
[Result "1-0"]
[WhiteElo "2137"]
[BlackElo "2342"]
[PlyCount "59"]
[EventDate "2015.12.03"]
[EventType "swiss"]
[EventRounds "9"]
[EventCountry "GER"]
[SourceTitle "CBM 169 Extra"]
[Source "ChessBase"]
[SourceDate "2015.12.18"]
[SourceVersion "1"]
[SourceVersionDate "2015.12.18"]
[SourceQuality "1"]

1. d4 d5 2. c4 c6 3. Nf3 Nf6 4. e3 Bf5 5. Nc3 e6 6. Nh4 Be4 7. f3 Bg6 8. Qb3 Qc7 9. Bd2 Be7 10. Nxg6 hxg6 11. 0-0-0 a6 12. g3 dxc4 13. Qxc4 b5 14. Qe2 c5 15. dxc5 Nbd7 16. b4 0-0 17. f4 Nxc5 18. bxc5 b4 19. Na4 Qa5 20. Nb2 Qxa2 21. Qc4 b3 22. Qa4 Rfc8 23. Qxa2 bxa2 24. Kc2 Rxc5+ 25. Nc4 Ne4 26. Ra1 Rd8 27. Be1 Nd6 28. Bb4 Nxc4 29. Bxc5 Rd2+ 30. Kc3 1-0

[Event "Oberliga Ost-B 1213"]
[Site "Germany"]
[Date "2013.04.13"]
[Round "10.3"]
[White "Middelhoff, Cornelius"]
[Black "Engelmann, Jakob"]
[Result "1-0"]
[WhiteElo "2117"]
[BlackElo "2223"]
[PlyCount "95"]
[EventDate "2012.09.30"]
[EventType "team-tourn"]
[EventRounds "11"]
[EventCountry "GER"]
[SourceTitle "EXT 2014"]
[Source "ChessBase"]
[SourceDate "2013.11.20"]
[SourceVersion "1"]
[SourceVersionDate "2013.11.20"]
[SourceQuality "1"]
[WhiteTeam "Jena Jenapharm"]
[BlackTeam "Sangerhausen"]
[WhiteTeamCountry "GER"]
[BlackTeamCountry "GER"]

1. d4 d5 2. c4 c6 3. Nf3 Nf6 4. e3 a6 5. Bd3 Bg4 6. Qb3 Qc7 7. Ne5 Bh5 8. Nc3 e6 9. Ne2 Bxe2 10. Bxe2 Bd6 11. cxd5 exd5 12. 0-0 0-0 13. Bd2 Nbd7 14. Nf3 a5 15. Qc2 Ne4 16. Bd3 f5 17. g3 Ndf6 18. Be1 Qf7 19. Nh4 Ng4 20. h3 Nh6 21. f4 Kh8 22. Be2 Qe7 23. Nf3 g5 24. Ne5 Rg8 25. Kh2 Rg7 26. Rg1 Ng8 27. Rb1 Ngf6 28. a3 c5 29. Bc3 b6 30. Qb3 Bc7 31. Rbf1 Rag8 32. Be1 h5 33. fxg5 Rxg5 34. h4 Rxg3 35. Rxg3 Nxg3 36. Bxg3 Rxg3 37. Kxg3 Ne4+ 38. Kh3 Bxe5 39. Qxd5 Bg3 40. Kg2 Qxh4 41. Rh1 Bh2 42. Qe5+ Kg8 43. Bc4+ Kh7 44. Qxf5+ Kh6 45. Qf8+ Kh7 46. Bg8+ Kg6 47. Bf7+ Kf6 48. Rf1+ 1-0

[Event "Oberliga Ost-B 1213"]
[Site "Germany"]
[Date "2013.01.13"]
[Round "5.3"]
[White "Middelhoff, Cornelius"]
[Black "Felgendreher, Heiko"]
[Result "0-1"]
[WhiteElo "2117"]
[BlackElo "2208"]
[PlyCount "40"]
[EventDate "2012.09.30"]
[EventType "team-tourn"]
[EventRounds "11"]
[EventCountry "GER"]
[SourceTitle "EXT 2014"]
[Source "ChessBase"]
[SourceDate "2013.11.20"]
[SourceVersion "1"]
[SourceVersionDate "2013.11.20"]
[SourceQuality "1"]
[WhiteTeam "Jena Jenapharm"]
[BlackTeam "Moerlenbach"]
[WhiteTeamCountry "GER"]
[BlackTeamCountry "GER"]

1. d4 Nf6 2. c4 g6 3. Nc3 d5 4. Nf3 Bg7 5. Qb3 dxc4 6. Qxc4 0-0 7. e4 a6 8. Qa4 c5 9. dxc5 Nbd7 10. Qc4 b5 11. cxb6 Nxb6 12. Qd3 Qc7 13. Qc2 Nxe4 14. Bd2 Bf5 15. Bd3 Nxd2 16. Nxd2 Bxd3 17. Qxd3 Rfd8 18. Qc2 Nd5 19. 0-0 Nxc3 20. bxc3 Qxc3 0-1

[Event "Oberliga Ost-B 1213"]
[Site "Germany"]
[Date "2012.09.30"]
[Round "1.2"]
[White "Burmeister, Rick"]
[Black "Middelhoff, Cornelius"]
[Result "1-0"]
[WhiteElo "2269"]
[BlackElo "2117"]
[PlyCount "113"]
[EventDate "2012.09.30"]
[EventType "team-tourn"]
[EventRounds "11"]
[EventCountry "GER"]
[SourceTitle "EXT 2014"]
[Source "ChessBase"]
[SourceDate "2013.11.20"]
[SourceVersion "1"]
[SourceVersionDate "2013.11.20"]
[SourceQuality "1"]
[WhiteTeam "Jena Schott"]
[BlackTeam "Jena Jenapharm"]
[WhiteTeamCountry "GER"]
[BlackTeamCountry "GER"]

1. Nf3 Nf6 2. c4 c5 3. Nc3 Nc6 4. d4 cxd4 5. Nxd4 e6 6. Ndb5 d6 7. Bg5 a6 8. Bxf6 gxf6 9. Nd4 Qb6 10. Nb3 Bd7 11. Qd2 Ne5 12. Qf4 Be7 13. 0-0-0 Rc8 14. e3 Rg8 15. Be2 Rxg2 16. Ne4 Nxc4 17. Kb1 f5 18. Rhg1 Rg6 19. Rxg6 hxg6 20. Ng3 d5 21. Qh6 Bf6 22. Nh5 Be5 23. Bxc4 Rxc4 24. Ng7+ Ke7 25. h4 Rb4 26. h5 Rxb3 27. axb3 Qxb3 28. Rd2 Bb5 29. Qh8 Bd3+ 30. Kc1 Qc4+ 31. Kd1 Qg4+ 32. Kc1 Qc4+ 33. Kd1 Qa4+ 34. Ke1 Qa1+ 35. Rd1 Qa5+ 36. Rd2 d4 37. hxg6 Qa1+ 38. Rd1 Qa5+ 39. Rd2 Bb5 40. Nxf5+ exf5 41. Qxe5+ Kf8 42. g7+ Kg8 43. Qxd4 Qa1+ 44. Rd1 Qa5+ 45. b4 Qa2 46. Qd8+ Kxg7 47. Qg5+ Kh7 48. Qxf5+ Kg7 49. Qg4+ Kh7 50. Rc1 Qb2 51. Qe4+ Kh6 52. Rc2 Qb1+ 53. Kd2 Qf1 54. Kc3 Qa1+ 55. Rb2 Ba4 56. Qb1 Qa3+ 57. Kd4 1-0

[Event "Oberliga Ost-A 0910"]
[Site "Germany"]
[Date "2010.01.24"]
[Round "7.3"]
[White "Middelhoff, Cornelius"]
[Black "Quast, Michael"]
[Result "1/2-1/2"]
[WhiteElo "2151"]
[BlackElo "2255"]
[PlyCount "81"]
[EventDate "2009.10.18"]
[EventType "team-tourn"]
[EventRounds "11"]
[EventCountry "GER"]
[SourceTitle "EXT 2011"]
[Source "ChessBase"]
[SourceDate "2010.11.26"]
[SourceVersion "1"]
[SourceVersionDate "2010.11.26"]
[SourceQuality "1"]
[WhiteTeam "Jena Jenapharm"]
[BlackTeam "Chemnitz"]
[WhiteTeamCountry "GER"]
[BlackTeamCountry "GER"]

1. d4 Nf6 2. Nf3 d6 3. c4 g6 4. Nc3 Bg7 5. e4 0-0 6. Be2 e5 7. Be3 Ng4 8. Bg5 f6 9. Bc1 f5 10. Bg5 Qd7 11. h3 exd4 12. Nxd4 Ne5 13. exf5 gxf5 14. 0-0 Nbc6 15. Nxc6 bxc6 16. Bf4 Qf7 17. b3 Ng6 18. Bd2 f4 19. Bh5 Qf5 20. Rc1 Ne5 21. Bf3 Qg6 22. Kh2 Bf5 23. Re1 Nd3 24. Bxc6 Nxe1 25. Bxe1 f3 26. Qxf3 Be6 27. Bxa8 Rxf3 28. Bxf3 Be5+ 29. Kg1 Bxh3 30. Nd5 Qg5 31. Rd1 Bg4 32. Bd2 Qh4 33. Bxg4 Qxg4 34. Ne3 Qh5 35. Kf1 Bf4 36. Rc1 Bxe3 37. fxe3 Qf5+ 38. Ke2 Qe4 39. Kf2 Qf5+ 40. Ke2 Qe4 41. Kf2 1/2-1/2

[Event "Oberliga Ost-A 0910"]
[Site "Germany"]
[Date "2009.11.29"]
[Round "4.3"]
[White "Braun, Gottfried"]
[Black "Middelhoff, Cornelius"]
[Result "1/2-1/2"]
[WhiteElo "2233"]
[BlackElo "2151"]
[PlyCount "86"]
[EventDate "2009.10.18"]
[EventType "team-tourn"]
[EventRounds "11"]
[EventCountry "GER"]
[SourceTitle "EXT 2011"]
[Source "ChessBase"]
[SourceDate "2010.11.26"]
[SourceVersion "1"]
[SourceVersionDate "2010.11.26"]
[SourceQuality "1"]
[WhiteTeam "Leipzig Lok II"]
[BlackTeam "Jena Jenapharm"]
[WhiteTeamCountry "GER"]
[BlackTeamCountry "GER"]

1. e4 e5 2. Nf3 Nf6 3. Nxe5 d6 4. Nf3 Nxe4 5. d4 d5 6. Bd3 Bd6 7. 0-0 0-0 8. c4 c6 9. Nc3 Nxc3 10. bxc3 dxc4 11. Bxc4 Bf5 12. Re1 Qc7 13. Bg5 b5 14. Bb3 Nd7 15. Nh4 Bg6 16. Nxg6 hxg6 17. Qd3 Nb6 18. Qxg6 Bxh2+ 19. Kh1 Nc4 20. Qh5 Bf4 21. Be7 Rfe8 22. Bc2 Bh6 23. Bg5 Qd6 24. Bxh6 Qxh6 25. Qxh6 gxh6 26. Be4 Rac8 27. Bf3 Rxe1+ 28. Rxe1 Kf8 29. Kh2 c5 30. Rd1 cxd4 31. Rxd4 Ne5 32. Be2 Rxc3 33. Bxb5 Rc2 34. a4 Rxf2 35. Rd8+ Kg7 36. Ra8 Kf6 37. Rxa7 Kg5 38. Kg3 Ra2 39. Re7 Kf5 40. Re8 h5 41. Rh8 Kg5 42. Rg8+ Kf5 43. Rh8 Kg5 1/2-1/2

[Event "Oberliga Ost-A 0910"]
[Site "Germany"]
[Date "2009.11.28"]
[Round "5.2"]
[White "Middelhoff, Cornelius"]
[Black "Babrikowski, Peter"]
[Result "0-1"]
[WhiteElo "2151"]
[BlackElo "2235"]
[PlyCount "104"]
[EventDate "2009.10.18"]
[EventType "team-tourn"]
[EventRounds "11"]
[EventCountry "GER"]
[SourceTitle "EXT 2011"]
[Source "ChessBase"]
[SourceDate "2010.11.26"]
[SourceVersion "1"]
[SourceVersionDate "2010.11.26"]
[SourceQuality "1"]
[WhiteTeam "Jena Jenapharm"]
[BlackTeam "Jena Schott"]
[WhiteTeamCountry "GER"]
[BlackTeamCountry "GER"]

1. d4 Nf6 2. c4 c5 3. Nf3 cxd4 4. Nxd4 Nc6 5. Nc3 g6 6. e4 d6 7. Be2 Nxd4 8. Qxd4 Bg7 9. 0-0 0-0 10. Bd2 Be6 11. Qd3 Rc8 12. b3 Ng4 13. Rac1 a6 14. Nd5 Ne5 15. Qe3 f5 16. Qb6 Qd7 17. exf5 Bxf5 18. Qe3 Qd8 19. f4 Nc6 20. Bc3 e5 21. fxe5 dxe5 22. Bd3 Bxd3 23. Qxd3 Nd4 24. Bb4 Re8 25. Qe4 b5 26. Kh1 bxc4 27. Rxc4 Rxc4 28. bxc4 a5 29. Ba3 Nf5 30. c5 Ne7 31. Nxe7+ Qxe7 32. Qd5+ Qe6 33. Qxe6+ Rxe6 34. Rc1 Rc6 35. Kg1 Kf7 36. Kf2 Ke6 37. Ke2 Bf8 38. g4 Kd5 39. Rb1 Bxc5 40. Rb5 Kd4 41. Bb2+ Ke4 42. Rxa5 Bd4 43. Bxd4 exd4 44. Kd2 Rf6 45. h4 Rf2+ 46. Ke1 Rg2 47. Rg5 Rxa2 48. h5 Ra6 49. hxg6 hxg6 50. Kd2 Rd6 51. Ra5 Kf4 52. g5 Ke4 0-1

[Event "Oberliga Ost-A 0809"]
[Site "Germany"]
[Date "2009.01.31"]
[Round "6.4"]
[White "Paul, Johannes"]
[Black "Middelhoff, Cornelius"]
[Result "0-1"]
[WhiteElo "2129"]
[BlackElo "2159"]
[PlyCount "102"]
[EventDate "2008.10.12"]
[EventType "team-tourn"]
[EventRounds "11"]
[EventCountry "GER"]
[SourceTitle "EXT 2010"]
[Source "ChessBase"]
[SourceDate "2010.11.25"]
[SourceVersion "1"]
[SourceVersionDate "2010.11.25"]
[SourceQuality "1"]
[WhiteTeam "Magdeburg Aufbau Elbe"]
[BlackTeam "Jena Jenapharm"]
[WhiteTeamCountry "GER"]
[BlackTeamCountry "GER"]

1. c4 e6 2. Nf3 Nf6 3. g3 b6 4. Bg2 Bb7 5. 0-0 Be7 6. Nc3 0-0 7. d4 Ne4 8. Re1 f5 9. Qc2 Nxc3 10. Qxc3 Bf6 11. Be3 Qe7 12. Qd2 d6 13. Rad1 Nd7 14. d5 Ne5 15. Nxe5 Bxe5 16. b3 a5 17. a4 Rae8 18. dxe6 Bxg2 19. Kxg2 Qxe6 20. Bf4 Bxf4 21. Qxf4 Qf6 22. h4 Qc3 23. Qf3 Qb4 24. Rh1 Re5 25. Rd3 Rfe8 26. e3 h6 27. h5 Rf8 28. Rh4 Qe1 29. Rf4 Rf6 30. Qc6 Rc5 31. Qe8+ Kh7 32. Qe7 Qb1 33. Rfd4 Re5 34. Qxc7 f4 35. exf4 Rxh5 36. Kf3 Qh1+ 37. Ke2 Re6+ 38. Re3 Rxe3+ 39. Kxe3 Qe1+ 40. Kd3 Qxf2 41. Qxd6 Qxg3+ 42. Kc2 Rh3 43. Rd3 Qg2+ 44. Kc3 Rh1 45. Qe5 Qg6 46. f5 Qg1 47. Qf4 Qa1+ 48. Kc2 Rf1 49. Qe3 Rb1 50. Rc3 Rb2+ 51. Kd3 Qd1+ 0-1

[Event "Oberliga Ost-A 0809"]
[Site "Germany"]
[Date "2008.12.14"]
[Round "4.4"]
[White "Volfl, Zdenek"]
[Black "Middelhoff, Cornelius"]
[Result "1-0"]
[WhiteElo "2244"]
[BlackElo "2159"]
[PlyCount "103"]
[EventDate "2008.10.12"]
[EventType "team-tourn"]
[EventRounds "11"]
[EventCountry "GER"]
[SourceTitle "EXT 2010"]
[Source "ChessBase"]
[SourceDate "2010.11.25"]
[SourceVersion "1"]
[SourceVersionDate "2010.11.25"]
[SourceQuality "1"]
[WhiteTeam "Ebersbach"]
[BlackTeam "Jena Jenapharm"]
[WhiteTeamCountry "GER"]
[BlackTeamCountry "GER"]

1. Nf3 b6 2. d4 Nf6 3. g3 Bb7 4. Bg2 e6 5. 0-0 Be7 6. c4 0-0 7. Nc3 Ne4 8. Bd2 d6 9. d5 Nxd2 10. Qxd2 e5 11. Ne1 Nd7 12. Nd3 a5 13. f4 exf4 14. gxf4 Nc5 15. e4 Nxd3 16. Qxd3 Bf6 17. Rae1 Re8 18. Bh3 c6 19. dxc6 Bxc6 20. Bg2 Qc7 21. b3 Bxc3 22. Qxc3 Re7 23. Qd4 Rae8 24. Re3 f5 25. Rfe1 fxe4 26. Bxe4 Rxe4 27. Rxe4 Rxe4 28. Rxe4 Bxe4 29. Qxe4 g6 30. Kg2 Kg7 31. Qd4+ Kf7 32. Qd5+ Kf6 33. Kf3 Qd7 34. Qg5+ Kg7 35. Ke4 Qe6+ 36. Kd4 Qe2 37. Kd5 h6 38. Qd8 Qd2+ 39. Kc6 Qxf4 40. Qe7+ Qf7 41. Kxd6 Qxe7+ 42. Kxe7 g5 43. Ke6 Kg6 44. a3 g4 45. b4 axb4 46. axb4 h5 47. c5 bxc5 48. bxc5 Kg5 49. c6 Kh4 50. c7 Kh3 51. c8Q Kxh2 52. Ke5 1-0

[Event "Oberliga Ost-A 0708"]
[Site "Germany"]
[Date "2008.01.20"]
[Round "7.4"]
[White "Limpert, Michael"]
[Black "Middelhoff, Cornelius"]
[Result "1-0"]
[WhiteElo "2148"]
[BlackElo "2176"]
[PlyCount "123"]
[EventDate "2007.09.23"]
[EventType "team-tourn"]
[EventRounds "11"]
[EventCountry "GER"]
[SourceTitle "EXT 2009"]
[Source "ChessBase"]
[SourceDate "2008.11.26"]
[SourceVersion "1"]
[SourceVersionDate "2008.11.26"]
[SourceQuality "1"]
[WhiteTeam "Leipzig Lok II"]
[BlackTeam "Jena Jenapharm"]
[WhiteTeamCountry "GER"]
[BlackTeamCountry "GER"]

1. e4 e5 2. Nf3 Nf6 3. Nc3 Bb4 4. Nxe5 0-0 5. Be2 Re8 6. Nd3 Bxc3 7. dxc3 Nxe4 8. 0-0 d6 9. Re1 Nd7 10. Bf1 Ndc5 11. Be3 b6 12. f3 Nxd3 13. cxd3 Nc5 14. d4 Ne6 15. Bd3 Bb7 16. Qd2 d5 17. Re2 Qd6 18. Rae1 Bc6 19. f4 Nf8 20. f5 f6 21. Bf4 Rxe2 22. Rxe2 Qd7 23. g4 h6 24. Qe1 Kf7 25. h4 a6 26. Re3 Bb5 27. Bc2 c5 28. g5 hxg5 29. hxg5 fxg5 30. Bxg5 Re8 31. Qh4 Rxe3 32. Bxe3 c4 33. Bf4 Qe7 34. Qxe7+ Kxe7 35. Bc7 Nd7 36. Kf2 Bc6 37. Kf3 b5 38. Kf4 Nf6 39. Ba5 Nd7 40. Kg5 Kf7 41. Bd1 Nf6 42. Bf3 Ne4+ 43. Kf4 g6 44. fxg6+ Kxg6 45. Ke5 Kf7 46. Bb4 Ke8 47. Bg4 Bd7 48. Bh5+ Kd8 49. Bf7 Nf2 50. Bxd5 Nd3+ 51. Kd6 Nxb2 52. Bb7 Nd3 53. Ba5+ Ke8 54. Bxa6 Nc1 55. a3 Nb3 56. Bb4 Kd8 57. Bb7 Be8 58. Bc5 Bh5 59. Bb6+ Ke8 60. Bc6+ Kf7 61. Bxb5 Be2 62. a4 1-0

[Event "Oberliga Ost-A 0708"]
[Site "Germany"]
[Date "2008.01.19"]
[Round "6.3"]
[White "Fuchs, Judith"]
[Black "Middelhoff, Cornelius"]
[Result "1-0"]
[WhiteElo "2116"]
[BlackElo "2176"]
[PlyCount "81"]
[EventDate "2007.09.23"]
[EventType "team-tourn"]
[EventRounds "11"]
[EventCountry "GER"]
[SourceTitle "EXT 2009"]
[Source "ChessBase"]
[SourceDate "2008.11.26"]
[SourceVersion "1"]
[SourceVersionDate "2008.11.26"]
[SourceQuality "1"]
[WhiteTeam "Leipzig Gohlis II"]
[BlackTeam "Jena Jenapharm"]
[WhiteTeamCountry "GER"]
[BlackTeamCountry "GER"]

1. e4 g6 2. d4 Bg7 3. Nc3 c6 4. Be3 d5 5. h3 Qb6 6. Rb1 dxe4 7. Nxe4 Nd7 8. c3 Ngf6 9. Bd3 Nxe4 10. Bxe4 Nf6 11. Bd3 0-0 12. Nf3 Nd5 13. Bd2 c5 14. dxc5 Qxc5 15. 0-0 e5 16. Re1 Re8 17. b4 Qc7 18. Qb3 Nb6 19. Bb5 Be6 20. Qc2 Bf5 21. Bd3 Bxd3 22. Qxd3 Rad8 23. Qc2 Nc4 24. Rbd1 b5 25. Be3 Rd7 26. Rxd7 Qxd7 27. Nd2 Nxe3 28. Rxe3 Rd8 29. Nf1 Qd1 30. Qe4 Qa1 31. Qb7 Qxa2 32. Qxb5 Qa1 33. Rd3 Rxd3 34. Qxd3 e4 35. Qd8+ Bf8 36. c4 Kg7 37. c5 Qc3 38. Qd7 Qxb4 39. c6 Bc5 40. c7 Qb2 41. Qd2 1-0

[Event "Oberliga Ost-A 0708"]
[Site "Germany"]
[Date "2007.11.25"]
[Round "4.4"]
[White "Middelhoff, Cornelius"]
[Black "Kunze, Carlo"]
[Result "0-1"]
[WhiteElo "2176"]
[BlackElo "2283"]
[PlyCount "88"]
[EventDate "2007.09.23"]
[EventType "team-tourn"]
[EventRounds "11"]
[EventCountry "GER"]
[SourceTitle "EXT 2009"]
[Source "ChessBase"]
[SourceDate "2008.11.26"]
[SourceVersion "1"]
[SourceVersionDate "2008.11.26"]
[SourceQuality "1"]
[WhiteTeam "Jena Jenapharm"]
[BlackTeam "Chemnitz"]
[WhiteTeamCountry "GER"]
[BlackTeamCountry "GER"]

1. d4 d6 2. e4 Nf6 3. Nc3 Nbd7 4. Nf3 e5 5. Bc4 Be7 6. 0-0 0-0 7. Qe2 c6 8. a4 Qc7 9. h3 b6 10. Rd1 Bb7 11. d5 cxd5 12. Bxd5 Nxd5 13. Nxd5 Bxd5 14. Rxd5 Rfc8 15. c3 h6 16. Nh2 Qc6 17. f3 f5 18. Rd1 fxe4 19. fxe4 Nc5 20. Re1 Bh4 21. Rf1 Qxe4 22. Qxe4 Nxe4 23. Nf3 Be7 24. Be3 Nc5 25. Rfd1 Nb3 26. Ra2 Rc7 27. Kf2 Kf7 28. Ra3 Na5 29. Raa1 Ke6 30. Re1 Rf8 31. Kg3 Rc4 32. Re2 Nb3 33. Ra3 Nc5 34. Bxc5 bxc5 35. Re3 Rb8 36. b3 Rf4 37. c4 g5 38. Ra2 Rg8 39. Nd2 g4 40. h4 Kf5 41. Ra1 Bf6 42. Rae1 e4 43. R1e2 Be5 44. Kh2 g3+ 0-1

[Event "Apolda op 16th"]
[Site "Apolda"]
[Date "2007.08.25"]
[Round "5"]
[White "Witt, Ronald"]
[Black "Middelhoff, Cornelius"]
[Result "1/2-1/2"]
[WhiteElo "2040"]
[BlackElo "2176"]
[PlyCount "81"]
[EventDate "2007.08.23"]
[EventType "swiss"]
[EventRounds "7"]
[EventCountry "GER"]
[SourceTitle "CBM 120 Extra"]
[Source "ChessBase"]
[SourceDate "2007.11.01"]
[SourceVersion "1"]
[SourceVersionDate "2007.11.01"]
[SourceQuality "1"]

1. e4 e5 2. Nf3 Nc6 3. Bb5 a6 4. Ba4 Nf6 5. 0-0 b5 6. Bb3 Bb7 7. Re1 Bc5 8. c3 d6 9. d4 Bb6 10. Bg5 h6 11. Bh4 Qe7 12. d5 Nb8 13. Nbd2 Nbd7 14. Nf1 g5 15. Bg3 Nxe4 16. Rxe4 f5 17. Re1 f4 18. Nd4 0-0 19. Qd3 fxg3 20. Nxg3 Qh7 21. Qxh7+ Kxh7 22. Ndf5 Nf6 23. Rad1 h5 24. Bc2 Kh8 25. Ne3 Bxe3 26. fxe3 Bxd5 27. Nxh5 Be6 28. Nxf6 Rxf6 29. Rf1 Raf8 30. Rxf6 Rxf6 31. a3 Kg7 32. Rf1 Bc4 33. Rf2 c5 34. g3 a5 35. Rxf6 Kxf6 36. Kf2 b4 37. axb4 cxb4 38. cxb4 axb4 39. h4 gxh4 40. gxh4 Bb5 41. Kg3 1/2-1/2

[Event "Hamburg HSK Elo op 4th"]
[Site "Hamburg"]
[Date "2003.05.03"]
[Round "3"]
[White "Middelhoff, Cornelius"]
[Black "Salov, Sergej"]
[Result "0-1"]
[WhiteElo "2165"]
[BlackElo "2364"]
[PlyCount "68"]
[EventDate "2003.05.01"]
[EventType "swiss"]
[EventRounds "7"]
[EventCountry "GER"]
[SourceTitle "EXT 2019"]
[Source "ChessBase"]
[SourceDate "2018.10.10"]
[SourceVersion "1"]
[SourceVersionDate "2018.10.10"]
[SourceQuality "1"]

1. d4 Nf6 2. g3 g6 3. Bg2 Bg7 4. Nf3 0-0 5. c4 d6 6. 0-0 Nbd7 7. Nc3 e5 8. e4 c6 9. b3 Re8 10. Re1 a5 11. Rb1 exd4 12. Nxd4 Nc5 13. Bf4 Ng4 14. Rb2 Qf6 15. Rd2 Nxf2 16. Kxf2 g5 17. Qf3 gxf4 18. gxf4 Bh6 19. Nde2 Ne6 20. Rxd6 Bxf4 21. Rxe6 Qh4+ 22. Kf1 fxe6 23. Nxf4 Rf8 24. Qg3+ Qxg3 25. hxg3 e5 26. Nce2 Bg4 27. Kg1 exf4 28. Nxf4 Rad8 29. Re3 Rd1+ 30. Bf1 Bh3 31. Rf3 Rxf1+ 32. Rxf1 Bxf1 33. Kxf1 Re8 34. Nh5 Kf7 0-1

[Event "Regionalliga SO 9798"]
[Site "Bayern"]
[Date "1998.??.??"]
[Round "?.4"]
[White "Middelhoff, Cornelius"]
[Black "Fischer, Michael2222"]
[Result "0-1"]
[WhiteElo "2050"]
[BlackElo "2001"]
[PlyCount "79"]
[EventDate "1997.10.19"]
[EventType "team-tourn"]
[EventRounds "9"]
[EventCountry "GER"]
[SourceTitle "EXT 2020"]
[Source "ChessBase"]
[SourceDate "2019.10.17"]
[SourceVersion "1"]
[SourceVersionDate "2019.10.17"]
[SourceQuality "1"]
[WhiteTeam "Freising SK"]
[BlackTeam "Straubing SC"]
[WhiteTeamCountry "GER"]
[BlackTeamCountry "GER"]

1. d4 Nf6 2. Nf3 e6 3. c4 c5 4. Nc3 cxd4 5. Nxd4 a6 6. g3 Qc7 7. Qa4 Nc6 8. Nxc6 dxc6 9. Bg2 Be7 10. 0-0 0-0 11. b4 Bd7 12. Qb3 e5 13. Na4 b5 14. Nb2 Rab8 15. c5 a5 16. a3 Be6 17. Qc2 Rfd8 18. Bd2 a4 19. Bc3 Nd5 20. Rad1 Nxc3 21. Qxc3 Bb3 22. Rxd8+ Rxd8 23. Be4 g6 24. Bc2 Bxc2 25. Qxc2 Qc8 26. Qe4 Qe6 27. Nd3 Bf6 28. f4 Rd4 29. f5 Rxe4 30. fxe6 Kg7 31. exf7 Kxf7 32. Kf2 Ke6 33. h3 Rc4 34. Rc1 Rxc1 35. Nxc1 Kd5 36. Ke1 Kc4 37. Kd2 e4 38. Kc2 Kd4 39. g4 Ke3 40. Kd1 0-1